Undersea with gis (Record no. 32667)

000 -Cabeçalho do registo
Cabeçalho 00544nam 22001813 4500
001 - Identificador do registo
Campo de controlo 32667
010 ## - Número internacional normalizado dos livros (ISBN)
Número (ISBN) 1-58948-016-3
100 ## - Dados gerais de processamento
Dados gerais de processamento 20260401d2002 u||y0engy50 ba
101 ## - Língua de publicação
Língua do texto, banda sonora, etc. Inglês
102 ## - Pais de publicação ou produção
País de publicação Estados Unidos
200 ## - Titulo e menção de responsabilidade
Título próprio Undersea with gis
Primeira menção de responsabilidade Dawn J. Wright
210 ## - Publicação, Distribuição, etc.
Lugar da edição, distribuição, etc. Estados Unidos América, Califórnia
Nome do editor, distribuidor, etc. EsriPress
Data da publicação, distribuição, etc. 2002
215 ## - Descrição física
Indicação específica da natureza do documento e extensão da espécie 253 p.
Outras indicações físicas il. color
Dimensões 24 cm
Material acompanhante CD-ROM
606 ## - Nome comum usado como assunto
Palavra de ordem ciências marinhas
Subdivisão de assunto sensoriamento remoto
Subdivisão de assunto sistemas de informação geográfica
700 ## - Nome de autor-pessoa física (responsabilidade principal)
Palavra de ordem Wright
Outra parte do nome não tomada para palavra de ordem Dawn J.
Holdings
Situação do extravio Data de aquisição Número de registo Biblioteca de aquisição Biblioteca de empréstimo Cota Fim da data de empréstimo Permissão de empréstimo Tipo de documento Forma de aquisição
  2026-04-01 11638 Biblioteca de Algés Biblioteca de Algés 11638 2026-04-01 Emprestado Monografias Oferta

Powered by Koha